| 000 | 00638nam a22002057a 4500 | ||
|---|---|---|---|
| 003 | KOHA_MİRAKIL | ||
| 005 | 20260415095342.0 | ||
| 008 | 260415b tu ||||| |||| 00| 0 tur d | ||
| 040 |
_aTR-AnABB _btur _cTR-AnABB |
||
| 041 | _atur | ||
| 082 |
_a325.3561 _bGER 1962 |
||
| 100 | 1 | _aGeray, Cevat | |
| 245 | 1 | 0 |
_aTürkiye'den ve Türkiye'ye göçler ve göçmenlerin iskanı / _cCevat Geray |
| 260 |
_aAnkara : _bSiyasal Bilgiler Fakültesi, _c1962 |
||
| 300 |
_a76 sayfa ; _c24 cm |
||
| 650 | 0 | 4 | _aGöç ve iskan, Tarih |
| 650 | 0 | 4 | _aGöç ve iskan |
| 650 | 0 | 4 | _aGöç ve İskan, Türkiye |
| 942 |
_2ddc _cBK |
||
| 999 |
_c10257 _d10257 |
||
| 900 | _bCan ÇELIK | ||